000 00432nam a2200157Ia 4500
008 140626s9999 xx 000 0 und d
100 _aEspinosa, Nemia.
245 _aInterrelationship problem :
_b parent-teacher introductions /
_cNemia Espinosa.
260 _cc2012.
300 _a61 : 7, page 248
440 _aThe Modern Teacher
521 _aSPED
650 _aParents.
650 _aTeacher relationships.
942 _cSE
999 _c120989
_d120989